LEADER 01580nam a2200337 a 4500 001 000000165668 003 CaOOAMICUS 005 20180205094106.0 008 180205s2013 it u000 u ita r 020 $a978-88-498-3593-9* 032 $aLibriCat 040 $aPUL$bita 082 04$a261.85 100 1 $aFelice, Flavio,$d1969-$0(OLS)http://pul/name/42078 245 10$aIstituzioni, persona e mercato :$bla persona nel contesto del liberalismo delle regole /$cFlavio Felice. 260 $aSoveria Mannelli :$bRubbettino,$cİ2013. 300 $a208 p.$c23 cm. 490 1 $aSaggi. Economia ;$v210 650 4$aDottrina sociale della Chiesa.$0(OLS)http://pul/subject/33229 650 4$aEconomia e religione.$0(OLS)http://pul/subject/19411 830 0$aSaggi (Rubettino).$pEconomia ;$v210.$0(OLS)http://pul/title/187757 850 $aPUL 852 $aPUL$W1$xDP2 Religione 3$y114$m261. 85 FELFL 1B$j199193$qDDC 21$B203856$CPULBib$Z2$F203856 $H135312 $82 852 $aPUL$W1$xSL Religione 3$y85$m261. 85 FELFL 1$j190014$qDDC 21$B193019$CPULBib$Z2$F193019 $H130344 $81 941 1 $a9 960 $aDottrina sociale cristiana$933229 996 $6020$a978-88-498-3593-9*$9(OLS)http://pul/number/163360 996 $6082$a261.85$9(OLS)http://pul/classification/1844 996 $6245$aIstituzioni, persona e mercato :$bla persona nel contesto del liberalismo delle regole$9(OLS)http://pul/title/205359 996 $6260$aSoveria Mannelli :$bRubbettino$9(OLS)http://pul/publisher/51639 LEADER 01707namaa2200289 i 4500 001 000000178544 003 CaOOAMICUS 005 20260302162913.0 007 tu 008 260302s1919 it 000 u lat r 040 $aPUL$bita$erda 082 0 $a241.09 100 1 $aFerreres, Juan Bautista,$cbeato,$d1861-1936,$eautore.$0(OLS)http://pul/name/1384 245 10$aEpitome compendii theologiae moralis :$bipsius codicis praescriptionibus, ac subsequentibus Sanctae Sedis declarationibus, dispositionibus iuris Hispani al Lusitani, decretis concilii plenari Americae latinae necnon i conc. prov. Manilani earundeque regionum legibus peculiaribus etiam civilibus accomodatam /$c P. Ioannis B. Ferreres, S.I. 250 $aEditio altera 264 1$aBarcelona :$bEugenio Subirana,$c[1919] 300 $axxii, 631 pagine ;$c18 cm 336 $atesto$btxt$2rdacontent 337 $asenza mediazione$bn$2rdamedia 338 $avolume$bnc$2rdacarrier 650 4$aTeologia morale$ySec. XX.$0(OLS)http://pul/subject/5426 850 $aPUL 852 $aPUL$W1$xDP1 Fondo Benedetti Carloni$y126$m2 E 4$j131071$qFondi$B207680$CPULBib$Z2$F207680 $HBen89 $82 996 $6082$a241.09$9(OLS)http://pul/classification/2530 996 $6245$aEpitome compendii theologiae moralis :$bipsius codicis praescriptionibus, ac subsequentibus Sanctae Sedis declarationibus, dispositionibus iuris Hispani al Lusitani, decretis concilii plenari Americae latinae necnon i conc. prov. Manilani earundeque regionum legibus peculiaribus etiam civilibus accomodatam$9(OLS)http://pul/title/220129 996 $6264$aBarcelona :$bEugenio Subirana$9(OLS)http://pul/publisher/62219